000
00276nam a22001097a 4500
008
240627b |||||||| |||| 00| 0 eng d
100
_a
Whitehead, Geoffrey
_9
16034
245
_a
Book-Keeping Made Simple
260
_a
London:
_b
W.H.Allen;
_c
1968.
300
_a
428p.
942
_c
BK
999
_c
39723
_d
39723